Chemical processes in soils /

Guardado en:
Otros Autores: Tabatabai, M. A., 1934-, Sparks, Donald L., Ph. D.
Formato: Libro
Idioma:English
Publicado: Madison, Wis : Soil Science Society of America, 2005.
Series:Soil Science Society of America book series ; nº 8
Materias:
Acceso en línea:Tabla de contenidos
Etiquetas: Agregar Etiqueta
Sin Etiquetas, Sea el primero en etiquetar este registro!
LEADER 00783nam a22001935a 4500
001 EEA.libagro007860
005 20171018122429.0
008 130809s2005####xxua##########000#0#eng#d
020 |a 0891188436 
082 0 4 |a 631.41 
245 1 0 |a Chemical processes in soils /  |c co-editors, M.A. Tabatabai and D.L. Sparks. 
260 |a Madison, Wis :  |b Soil Science Society of America,  |c 2005. 
300 |a xix, 723 p. :  |b il. ;  |c 24 cm. 
490 1 |a Soil Science Society of America book series ;  |v nº 8 
650 7 |a Química del suelo  |2 agrovoc 
700 1 |a Tabatabai, M. A.,  |d 1934- 
700 1 |a Sparks, Donald L.,  |c Ph. D. 
856 |u https://dl.sciencesocieties.org/publications/books/tocs/sssabookseries/chemicalprocess  |3 Tabla de contenidos 
859 |a AR-BbBCA  |b BIB. AGRONOMIA  |h 631.41  |i T112  |p 2007/5249